A-Z Televisão e cinema brasileiros - Statistics

Estatísticas Gerais
  • Esse quiz foi jogado 257 vezes
  • A pontuação média é 13 de 26
Estatísticas das Respostas
Hint Resposta % Correto
Novela do ano de 2012 que apresentou ao mundo uma das vilãs mais icônicas da televisão brasileira Avenida Brasil
91%
Bordão do apresentador Faustão: "____ ____ faz ao vivo!" Quem sabe
85%
Apresentadora de TV e rainha dos baixinhos Xuxa
83%
Atriz brasileira indicada ao Óscar de melhor atriz no ano de 1999 Fernanda Montenegro
82%
Proprietário do Sistema Brasileiro de Televisão Sílvio Santos
80%
Comediante apresentadora do programa Lady Night Tatá Werneck
75%
Apresentador de um programa infantil que ficou conhecido por distribuir PlayStation 2 Yudi
68%
TV que foi desbancada por Fátima Bernardes Globinho
67%
Vilã da novela Senhora do Destino Nazaré
66%
Bordão dito por Professor Raimundo ao fim de cada episódio de sua escolinha E o salário ó...
65%
Programa de comédia exibido pela Rede Globo Zorra Total
65%
Apresentadora e humorista, falecida em 2012, homenageada por um seriado que levou seu nome Hebe Camargo
60%
Minissérie da Rede Globo que trata temas como: prostituição, abuso de drogas e as mazelas dos bastidores do mundo da moda Verdades Secretas
49%
Telenovela da emissora de televisão RecordTV que quebrou recordes de audiência no ano de 2015 Os Dez Mandamentos
42%
Seriado da Netflix que acompanha uma jovem policial na busca por combater casos de violência doméstica Bom dia, Verônica
37%
Uma era a gêmea boa, outra era a gêmea má Rute e Raquel
36%
Telenovela exibida pela emissora SBT na qual duas irmãs gêmeas são separadas em seu nascimento Usurpadora
35%
Apresentadora original do programa da RedeTV, Mega Senha Luciana Gimenez
34%
Escritor da minissérie previamente citada Walcyr Carrasco
33%
Lady que fazia todos rirem ao dizer "Tô paganu" Kate
32%
Seriado da Netflix sobre quatro mulheres do Rio de Janeiro nos anos 50 Coisa mais Linda
30%
Ator que compõe uma dupla de irmãos famosos por estrelar em diversas novelas e por seus diversos trabalhos de dublagem; participa de: Pega Pega; Sinhá Moça; Hebe. Danton Mello
30%
Personagem icônico participante da telenovela Torre de Babel, dono do bordão: "_______ não morreu!" Jamanta
28%
Documentário que mostra a diferença que existe entre tomates, porcos e seres humanos Ilha das Flores
23%
Troféu concedido pelo apresentador Fausto Silva como uma homenagem àqueles que se destacaram em seus trabalhos; Famoso compositor, radialista e ator brasileiro Mário Lago
15%
"____ com mel, de Vila Isabel" Peru
8%
Nenhum quiz correspondente encontrado
Distribuição das Pontuações
Porcentagem de Pessoas com Cada Pontuação
Percentil de Números Respondidos
Sua Pontuação Histórica
Você não jogou esse quiz